000 00491nam a2200157 i 4500
001 85465
003 ES-MaACL
005 20230906175240.0
007 t|
008 041129s1958 sp ||||1| spa d
100 1 _aJuanola Benet, Miguel.
_967152
245 1 0 _aReportajes históricos de Cassá de la Selva /
_cpor Miguel Juanola Benet.
260 _a[S.l. :
_bs.n.,
_c1958] (
_eCassá de la Selva :
_fImp. Duch)
300 _a327 p. :
_bil. ;
_c17 cm.
852 _aES-MaACL
_jC-42523
_bR.73524
999 _c85465
_d85465